000 00751nam a2200229 i 4500
001 103602
003 ES-MaACL
005 20240508063041.0
007 t|
008 060421s1974 pr ||||1| spa d
080 _a972.95"19"
100 1 _aDiego, José de,
_d1867-1918
_944549
245 1 0 _aNuevas campañas /
_cJosé de Diego ; prólogo Emilio S. Belaval.
260 _aSan Juan, Puerto Rico :
_bCordillera,
_c1974.
300 _aXV, 464 p. ;
_c19 cm.
490 1 _aLos grandes escritores de Puerto Rico
651 4 _aPuerto Rico-
_xHistoria-
_yS.XX.
_99283
700 1 _aBelaval, Emilio S.
_927129
830 0 _aLos grandes escritores de Puerto Rico
_9184786
852 _aES-MaACL
_jC-56834
_bR.137446
999 _c103602
_d103602